01103cpcaa2200253 4500001001300000003000400013005001700017008004100034010001700075040002400092041001800116072001200134245004900146300001600195300001900211506002200230520015500252546005700407650003000464650004000494710011200534710018600646999001700832mm 82084616 DLC20260227111717.0820702|||||||||||| eng  amm 82084616  aDLCcDLCedacsdDLC aengafreaspa 7aW2lcmd00aU.S. claims commissions records,f1842-1908. a200fitems. a2fcontainers.0 aOpen to research.8 aMiscellaneous records of the U.S. Board of Commissioners for the Adjustment of French Spoliation Claims and the U.S. Spanish Treaty Claims Commission. aCollection material in English, French, and Spanish. 0aFrench spoliation claims. 0aSpanish-American War, 1898xClaims.1 aUnited States.bSpanish Treaty Claims Commission.tUnited States. Spanish Treaty Claims Commission records.1 aUnited States.bBoard of Commissioners for the Adjustment of French Spoliation Claims.tUnited States. Board of Commissioners for the Adjustment of French Spoliation Claims records. c43764d43764